| 000 | 00503nam a2200181Ia 4500 | ||
|---|---|---|---|
| 001 | 64613 | ||
| 008 | 210412n2015 ii |||gr||||Z||||||465 | ||
| 020 | _a9789325981294 | ||
| 082 | _a582.13033 | ||
| 100 |
_aBhojwani, S.S., _eAuthor. |
||
| 245 | 0 |
_aThe embryology of angiosperms _cS.S. Bhojwani _hTextual Documents |
|
| 250 | _a6th ed. | ||
| 260 |
_aNew Delhi _bVikas Publishing House Pvt. Ltd. _c2015 |
||
| 300 |
_aviii, 376 p.: _c20 cm. |
||
| 653 | _aAngiosperm | ||
| 653 | _aFlower | ||
| 942 |
_2ddc _cBK |
||
| 999 |
_c65713 _d65713 |
||